-
MUKHTAR, DR. HAYAT.M. AND KSHIRSAGAR, DR. SANDIP SHARAD AND NASEER, DR. MD. ARIF
Entry Personal Name
Number of records used in: 1
001 - CONTROL NUMBER
003 - CONTROL NUMBER IDENTIFIER
005 - DATE AND TIME OF LATEST TRANSACTION
- control field:
20240918121036.0
008 - FIXED-LENGTH DATA ELEMENTS
- fixed length control field:
240918|| aca||aabn | a|a d
040 ## - CATALOGING SOURCE
- Original cataloging agency:
JRU
- Transcribing agency:
JRU
100 ## - HEADING--PERSONAL NAME
- Personal name:
MUKHTAR, DR. HAYAT.M. AND KSHIRSAGAR, DR. SANDIP SHARAD AND NASEER, DR. MD. ARIF
670 ## - SOURCE DATA FOUND
- Source citation:
Work cat.: (JRU)8650: MUKHTAR, DR. HAYAT.M. AND KSHIRSAGAR, DR. SANDIP SHARAD AND NASEER, DR. MD. ARIF, PHARMACEUTICAL ORGANIC CHEMISTRY - I [ B.PHARMA, 2ND SEMESTER ]